000 01382cam a22002174a 4500
999 _c2660
_d2660
020 _a0072834943 (alk. paper)
020 _a0072986174 (aie : alk. paper)
050 0 0 _aHF5657.4
_b.G37 2006
100 1 _aGarrison, Ray H.
245 1 0 _aManagerial accounting.
250 _a11th ed. /
260 _aBoston :
_bMcGraw-Hill/Irwin,
_c2006.
300 _axvi, 863 p. :
_bcol. ill. ;
_c29 cm.
500 _aVarious multi-media instructional materials are available to supplement the text.
500 _aIncludes index.
505 _aManagerial accounting and the business environment -- Cost terms, concepts, and classifications -- Systems design : job-order costing -- Systems design : process costing -- Cost behavior : analysis and use -- Cost-volume-profit relationships -- Variable costing : a tool for management -- Activity-based costing : a tool to aid decision making -- Profit planning -- Standard costs and the balanced scorecard -- Flexible budgets and overhead analysis -- Segment reporting and decentralization -- Relevant costs for decision making -- Capital budgeting decisions -- Service department costing : an activity approach -- "How well am I doing?" statement of cash flows -- "How well am I doing?" financial statement analysis.
650 0 _aManagerial accounting.
700 1 _aNoreen, Eric W.
700 1 _aBrewer, Peter C.
942 _cBK